Gaming Quiz

Random Gaming or Nintendo Quiz

Progressively More Obscure Pokemon Trivia Quiz Stats

 Plays Quiz not verified by Sporcle

Score 0/30 Timer 05:00
1 Play Today
Question Answer % Correct
????
100%
????
99.1%
????
97.6%
????
96.3%
????
92.6%
????
92.4%
????
92.3%
????
91.2%
????
89.3%
????
85.6%
????
80.1%
????
70.8%
????
65%
????
58.9%
????
57.1%
Question Answer % Correct
????
54.5%
????
53.5%
????
46.8%
????
46%
????
43.8%
????
39.9%
????
30%
????
27.3%
????
24.4%
????
15.6%
????
14.4%
????
11.9%
????
8.6%
????
7.6%
????
1.9%

You're not logged in!

Compare scores with friends on all Sporcle quizzes.
OR
Log In

You Might Also Like...

Show Comments

Extras

Top Quizzes Today


Score Distribution

Your Account Isn't Verified!

In order to create a playlist on Sporcle, you need to verify the email address you used during registration. Go to your Sporcle Settings to finish the process.

Report this User

Report this user for behavior that violates our Community Guidelines.

Details: